Statystyki dla Co to za kraj(Europa)

Kliknij tutaj aby rozwiązać quiz!

Ogólne statystyki

  • Ten quiz został rozwiązany 1 103 razy
  • Średni wynik to 38 z 50

Statystyki odpowiedzi

FlagaNazwa Państwa% Poprawnych
🇵🇱Polska
94%
🇦🇱Albania
91%
🇧🇪Belgia
90%
🇨🇿Czechy
90%
🇫🇷Francja
90%
🇩🇪Niemcy
90%
🇷🇺Rosja
89%
🇺🇦Ukraina
88%
🇪🇸Hiszpania
87%
🇱🇹Litwa
87%
🇫🇮Finlandia
86%
🇱🇻Łotwa
86%
🇮🇹Włochy
86%
🇬🇷Grecja
85%
🇵🇹Portugalia
85%
🇧🇾Białoruś
84%
🇭🇷Chorwacja
84%
🇩🇰Dania
84%
🇳🇱Holandia
84%
🇮🇸Islandia
84%
🇸🇪Szwecja
84%
🇦🇩Andora
83%
🇧🇻Norwegia
83%
🇸🇰Słowacja
83%
🇮🇪Irlandia
82%
🇭🇺Węgry
81%
🇧🇬Bułgaria
80%
🇷🇴Rumunia
80%
🇨🇭Szwajcaria
80%
🇦🇹Austria
79%
🇸🇮Słowenia
79%
🇧🇦Bośnia I Hercegowina
78%
🇲🇰Macedonia Północna
78%
🇹🇷Turcja
78%
🇱🇺Luksemburg
76%
🇨🇾Cypr
75%
🇲🇹Malta
74%
🇸🇲San Marino
72%
🇷🇸Serbia
72%
🇲🇩Mołdawia
71%
🇲🇨Monako
71%
🇽🇰Kosowo
70%
🇲🇪Czarnogóra
68%
🏴󠁧󠁢󠁥󠁮󠁧󠁿Anglia
59%
🇬🇪Gruzja
54%
🏴󠁧󠁢󠁳󠁣󠁴󠁿Szkocja
53%
🏴󠁧󠁢󠁷󠁬󠁳󠁿Walia
52%
🇦🇲Armenia
49%
🇫🇴Wyspy Owcze
34%
🇬🇮Giblartar
19%

Rozkład punktacji

Percentyl według liczby udzielonych odpowiedzi

Procent ludzi z każdym wynikiem

Twoja historia wyników

Nie rozwiązałeś tego quizu